| 000 | 00549nam a2200181Ia 4500 | ||
|---|---|---|---|
| 003 | GCL | ||
| 008 | 140319s9999 xx 000 0 ara d | ||
| 040 |
_aGCL / _cGCL |
||
| 082 | 0 | 4 |
_aم _b028.7 _bر م |
| 100 | 1 | _aراتب الزيات | |
| 245 | 1 | 0 |
_aموسوعة السباقون فى الادب والفنون / _cراتب الزيات |
| 650 | 0 | 4 | _aالتثقيف |
| 650 | 0 | 4 | _aالتثقيف الذاتى |
| 650 | 0 | 4 | _aالثقافة الذاتية |
| 650 | 0 | 4 | _aالمعرفة |
| 650 | 0 | 4 | _aاختبارات الذكاء |
| 942 |
_2ddc _cREF |
||
| 999 |
_c59674 _d59674 |
||